<?xml version="1.0" encoding="UTF-8"?>
<record
    xmlns:xsi="http://www.w3.org/2001/XMLSchema-instance"
    xsi:schemaLocation="http://www.loc.gov/MARC21/slim http://www.loc.gov/standards/marcxml/schema/MARC21slim.xsd"
    xmlns="http://www.loc.gov/MARC21/slim">

  <leader>00851naa a2200205 a 4500</leader>
  <controlfield tag="001">80432</controlfield>
  <controlfield tag="003">BD-RjUL</controlfield>
  <controlfield tag="005">20220926115859.0</controlfield>
  <controlfield tag="008">220926s19691956pk ||||| |||| 00| 0 urd d</controlfield>
  <datafield tag="035" ind1=" " ind2=" ">
    <subfield code="a">(BD-RjUL)80432</subfield>
  </datafield>
  <datafield tag="040" ind1=" " ind2=" ">
    <subfield code="a">BD-RjUL</subfield>
    <subfield code="b">eng</subfield>
    <subfield code="c">BD-RjUL</subfield>
  </datafield>
  <datafield tag="041" ind1=" " ind2=" ">
    <subfield code="a">urd</subfield>
  </datafield>
  <datafield tag="082" ind1=" " ind2=" ">
    <subfield code="2">23</subfield>
    <subfield code="a">954.23</subfield>
    <subfield code="b">NAB 1969</subfield>
  </datafield>
  <datafield tag="245" ind1=" " ind2=" ">
    <subfield code="a">&#x628;&#x647;&#x627;&#x62F;&#x631; &#x634;&#x627;&#x647; &#x638;&#x641;&#x631; &#x627;&#x648;&#x631; &#x627;&#x646; &#x643;&#x627; &#x639;&#x647;&#x62F;  :  &#x661;&#x668;&#x665;&#x667; &#x643;&#x64A; &#x639;&#x627;&#x644;&#x645; &#x627;&#x634;&#x648;&#x628; &#x62A;&#x62D;&#x631;&#x64A;&#x643; &#x627;&#x646;&#x642;&#x644;&#x627;&#x628; &#x643;&#x64A; &#x645;&#x633;&#x62A;&#x646;&#x62F; &#x627;&#x648;&#x631; &#x645;&#x643;&#x645;&#x644; &#x648;&#x645;&#x641;&#x635;&#x644; &#x62A;&#x627;&#x631;&#x64A;&#x62E;  # #  bihadir shah zafar awr an ka ahd 1857 kay alam ashub tahrik inqilab kay mustanad awar mukamil wamufasal tarikh /  </subfield>
    <subfield code="c">&#x633;&#x64A;&#x62F; &#x631;&#x626;&#x64A;&#x633; &#x627;&#x62D;&#x645;&#x62F; &#x62C;&#x639;&#x641;&#x631;&#x64A; &#x646;&#x62F;&#x648;&#x64A;  # # Syed Rais Ahmad Jafari Nadwi</subfield>
  </datafield>
  <datafield tag="250" ind1=" " ind2=" ">
    <subfield code="a">3rd. Ed.</subfield>
  </datafield>
  <datafield tag="260" ind1=" " ind2=" ">
    <subfield code="a">Lahore :</subfield>
    <subfield code="b">Shaikh Golam Ali ,</subfield>
    <subfield code="c">1969</subfield>
  </datafield>
  <datafield tag="300" ind1=" " ind2=" ">
    <subfield code="a">1192 p. ;</subfield>
    <subfield code="c">23 cm</subfield>
  </datafield>
  <datafield tag="650" ind1=" " ind2=" ">
    <subfield code="a">History</subfield>
    <subfield code="y">1857-</subfield>
    <subfield code="9">4999</subfield>
  </datafield>
  <datafield tag="942" ind1=" " ind2=" ">
    <subfield code="2">ddc</subfield>
    <subfield code="c">BK</subfield>
  </datafield>
  <datafield tag="999" ind1=" " ind2=" ">
    <subfield code="c">80432</subfield>
    <subfield code="d">80432</subfield>
  </datafield>
  <datafield tag="952" ind1=" " ind2=" ">
    <subfield code="0">0</subfield>
    <subfield code="1">0</subfield>
    <subfield code="2">ddc</subfield>
    <subfield code="4">0</subfield>
    <subfield code="7">1</subfield>
    <subfield code="8">NFIC</subfield>
    <subfield code="a">RUCL</subfield>
    <subfield code="b">RUCL</subfield>
    <subfield code="c">Reading</subfield>
    <subfield code="d">2022-09-26</subfield>
    <subfield code="g">30.00</subfield>
    <subfield code="o">U 954.023 NAB 1969</subfield>
    <subfield code="r">2022-09-26 00:00:00</subfield>
    <subfield code="t">C-1</subfield>
    <subfield code="y">BK</subfield>
  </datafield>
</record>
